[Event "Hamburg-chT Landesliga 1920"]
[Site "Hamburg"]
[Date "2020.03.01"]
[Round "7.5"]
[White "Mix, Clemens"]
[Black "Diekmann, Jens"]
[Result "0-1"]
[WhiteElo "1925"]
[BlackElo "2050"]
[PlyCount "72"]
[EventDate "2019.09.29"]
[EventType "team-tourn"]
[EventRounds "9"]
[EventCountry "GER"]
[SourceTitle "EXT 2021"]
[Source "ChessBase"]
[SourceDate "2020.10.23"]
[SourceVersion "1"]
[SourceVersionDate "2020.10.23"]
[SourceQuality "1"]

1. d4 Nf6 2. c4 e6 3. g3 d5 4. Bg2 Be7 5. Nf3 0-0 6. 0-0 b6 7. Nc3 Bb7 8. Ne5 Qc8 9. Bf4 dxc4 10. e4 Rd8 11. Nxc4 Nc6 12. Nb5 Ba6 13. a4 Nxd4 14. Nxd4 c5 15. b3 Rxd4 16. Qc2 Bxc4 17. bxc4 Qa6 18. e5 Rxc4 19. Qe2 Nd5 20. Be4 Nc3 21. Qxc4 Qxc4 22. Bxa8 Ne2+ 23. Kh1 Nxf4 24. gxf4 Qxf4 25. Bc6 Qxe5 26. Rad1 Qc7 27. Bb5 Bf6 28. Rd7 Qb8 29. Rfd1 g6 30. R1d6 a6 31. Bc6 b5 32. Bb7 bxa4 33. Rxa6 Qf4 34. Bc6 Be5 35. Rd8+ Kg7 36. Kg2 Qg5+ 0-1

[Event "Oberliga Nord N 1819"]
[Site "Germany"]
[Date "2018.11.11"]
[Round "2.6"]
[White "Diekmann, Jens"]
[Black "Schwarzat, Julian"]
[Result "0-1"]
[WhiteElo "2059"]
[BlackElo "2098"]
[PlyCount "92"]
[EventDate "2018.10.21"]
[EventType "team-tourn"]
[EventRounds "9"]
[EventCountry "GER"]
[SourceTitle "EXT 2020"]
[Source "ChessBase"]
[SourceDate "2019.10.17"]
[SourceVersion "1"]
[SourceVersionDate "2019.10.17"]
[SourceQuality "1"]
[WhiteTeam "Marmstorf"]
[BlackTeam "Preetz"]
[WhiteTeamCountry "GER"]
[BlackTeamCountry "GER"]

1. c4 Nf6 2. Nc3 c5 3. e4 Nc6 4. g3 d6 5. Bg2 Nd4 6. d3 g6 7. Nge2 Bg4 8. h3 Bf3 9. 0-0 Bg7 10. Qa4+ Qd7 11. Qxd7+ Nxd7 12. Nxd4 Bxg2 13. Kxg2 cxd4 14. Ne2 Nc5 15. Rd1 a5 16. b3 0-0 17. Bb2 e5 18. Ba3 b6 19. b4 axb4 20. Bxb4 Ra4 21. a3 Rfa8 22. Rab1 Bf8 23. Rd2 Kg7 24. f4 Na6 25. Rb3 f5 26. exf5 gxf5 27. g4 Nxb4 28. axb4 Kf6 29. g5+ Kg6 30. h4 Ra2 31. Rdb2 Rxb2 32. Rxb2 Ra3 33. Rd2 h6 34. b5 hxg5 35. hxg5 Bg7 36. Rd1 Ra2 37. Kf3 e4+ 38. Kf2 e3+ 39. Ke1 Kh5 40. Rb1 Kg4 41. Kf1 Kf3 42. Re1 Rd2 43. Ng1+ Kxf4 44. Re2 Rxd3 45. Kg2 Rc3 46. Ra2 d3 0-1

[Event "Oberliga Nord N 1718"]
[Site "Germany"]
[Date "2018.03.18"]
[Round "8.6"]
[White "Diekmann, Jens"]
[Black "Svane, Frederik"]
[Result "1/2-1/2"]
[WhiteElo "2044"]
[BlackElo "2234"]
[PlyCount "47"]
[EventDate "2017.10.08"]
[EventType "team-tourn"]
[EventRounds "9"]
[EventCountry "GER"]
[SourceTitle "EXT 2019"]
[Source "ChessBase"]
[SourceDate "2018.10.10"]
[SourceVersion "1"]
[SourceVersionDate "2018.10.10"]
[SourceQuality "1"]
[WhiteTeam "Marmstorf"]
[BlackTeam "Luebeck"]
[WhiteTeamCountry "GER"]
[BlackTeamCountry "GER"]

1. c4 b6 2. Nf3 c5 3. g3 Bb7 4. Bg2 Nf6 5. 0-0 e6 6. b3 Be7 7. Bb2 0-0 8. e3 Nc6 9. Nc3 Rc8 10. Ne2 d6 11. d4 cxd4 12. Nexd4 Qc7 13. Ba3 Nxd4 14. Nxd4 Bxg2 15. Kxg2 Ne4 16. Rc1 a6 17. Qe2 Rfd8 18. Rfd1 Nc5 19. Qf3 Bf8 20. Ne2 Nd7 21. Bb2 Be7 22. Nf4 Bf6 23. Bxf6 Nxf6 24. Nh5 1/2-1/2

[Event "Oberliga Nord N 1718"]
[Site "Germany"]
[Date "2017.10.23"]
[Round "2.7"]
[White "Diekmann, Jens"]
[Black "Woelk, Tom Frederic"]
[Result "1/2-1/2"]
[WhiteElo "2044"]
[BlackElo "2191"]
[PlyCount "60"]
[EventDate "2017.10.08"]
[EventType "team-tourn"]
[EventRounds "9"]
[EventCountry "GER"]
[SourceTitle "EXT 2019"]
[Source "ChessBase"]
[SourceDate "2018.10.10"]
[SourceVersion "1"]
[SourceVersionDate "2018.10.10"]
[SourceQuality "1"]
[WhiteTeam "Marmstorf"]
[BlackTeam "Hamburg Diogenes"]
[WhiteTeamCountry "GER"]
[BlackTeamCountry "GER"]

1. c4 Nf6 2. Nc3 g6 3. g3 Bg7 4. e4 d6 5. Bg2 c5 6. Nge2 Nc6 7. 0-0 0-0 8. d3 Rb8 9. h3 a6 10. a4 Nd4 11. Be3 Ne8 12. Rb1 Nxe2+ 13. Nxe2 b5 14. axb5 axb5 15. b4 bxc4 16. bxc5 Rxb1 17. Qxb1 cxd3 18. Qxd3 Qa5 19. Rc1 Ba6 20. Qd1 dxc5 21. Bxc5 Nd6 22. Nf4 Rc8 23. Bxd6 Rxc1 24. Qxc1 exd6 25. Nd5 Qa1 26. Qxa1 Bxa1 27. Nc7 Bc4 28. Bf1 Be6 29. f4 Kf8 30. Kg2 Ke7 1/2-1/2

[Event "Oberliga Nord N 1617"]
[Site "Germany"]
[Date "2017.03.19"]
[Round "7.7"]
[White "Dettmann, Steffen"]
[Black "Diekmann, Jens"]
[Result "0-1"]
[WhiteElo "2186"]
[BlackElo "2050"]
[PlyCount "58"]
[EventDate "2016.10.16"]
[EventType "team-tourn"]
[EventRounds "9"]
[EventCountry "GER"]
[SourceTitle "EXT 2018"]
[Source "ChessBase"]
[SourceDate "2017.10.13"]
[SourceVersion "1"]
[SourceVersionDate "2017.10.13"]
[SourceQuality "1"]
[WhiteTeam "Hamburg Koenigsspringer"]
[BlackTeam "Marmstorf"]
[WhiteTeamCountry "GER"]
[BlackTeamCountry "GER"]

1. e4 c5 2. d3 Nc6 3. Nf3 g6 4. Be2 Bg7 5. 0-0 d6 6. c3 e5 7. Be3 Nf6 8. h3 Qe7 9. a3 0-0 10. b4 b6 11. b5 Nd8 12. Qb3 Ne6 13. a4 Nh5 14. c4 Nhf4 15. Re1 f5 16. Bf1 fxe4 17. dxe4 Nxh3+ 18. gxh3 Rxf3 19. Qd1 Rf7 20. Nc3 Nf4 21. Bxf4 exf4 22. Qf3 Bb7 23. Ra3 Re8 24. Bd3 Qh4 25. Re2 Re5 26. Nd5 Bc8 27. Kh2 Rh5 28. Re1 Bxh3 29. Kg1 Rg5+ 0-1

[Event "Oberliga Nord N 1516"]
[Site "Germany"]
[Date "2015.10.11"]
[Round "2.7"]
[White "Diekmann, Jens"]
[Black "Hess, Christian"]
[Result "0-1"]
[WhiteElo "2046"]
[BlackElo "2259"]
[PlyCount "204"]
[EventDate "2015.09.20"]
[EventType "team-tourn"]
[EventRounds "9"]
[EventCountry "GER"]
[SourceTitle "CBM 170 Extra"]
[Source "ChessBase"]
[SourceDate "2016.02.25"]
[SourceVersion "1"]
[SourceVersionDate "2016.02.25"]
[SourceQuality "1"]
[WhiteTeam "Marmstorf"]
[BlackTeam "St Pauli"]
[WhiteTeamCountry "GER"]
[BlackTeamCountry "GER"]

1. c4 c6 2. Nf3 Nf6 3. g3 g6 4. b3 Bg7 5. Bb2 0-0 6. Bg2 d6 7. 0-0 e5 8. d3 Nbd7 9. Nbd2 Qe7 10. Qc2 Re8 11. Rac1 a5 12. Ne4 Nxe4 13. dxe4 Nc5 14. Ne1 a4 15. Nd3 Qc7 16. Bc3 axb3 17. axb3 Be6 18. Ra1 b5 19. Bb4 Nxb3 20. Qxb3 bxc4 21. Qc3 cxd3 22. Ba5 Qd7 23. Qxd3 Reb8 24. Bd2 c5 25. Rfc1 h5 26. h4 Qc6 27. Be3 c4 28. Qd2 Rxa1 29. Rxa1 c3 30. Qc1 Qc4 31. Ra3 c2 32. Ra1 Kh7 33. Kh2 Qxe2 34. Bf1 Qf3 35. Bg2 Qe2 36. Bf1 Qg4 37. Qxc2 d5 38. Bg2 dxe4 39. Qxe4 Qxe4 40. Bxe4 Rb4 41. Bg2 Bh6 42. Bxh6 Kxh6 43. Ra5 e4 44. Re5 Bf5 45. Ra5 Kg7 46. Ra6 Rb2 47. Kg1 Rb1+ 48. Kh2 Re1 49. Rb6 Kf8 50. Ra6 Kg7 51. Rb6 Kf8 52. Ra6 Kg7 53. Rb6 Kh6 54. Ra6 Bg4 55. Rb6 Re2 56. Kg1 f5 57. Rb3 Re1+ 58. Kh2 Rd1 59. Rb6 Kg7 60. Ra6 Kf7 61. Rb6 Be2 62. Rc6 Ra1 63. Rc7+ Kf6 64. Rc6+ Kg7 65. Rc7+ Kh6 66. Re7 Ra6 67. Rf7 Bf3 68. Re7 Ra2 69. Kg1 Re2 70. Re8 Kg7 71. Re6 Kf7 72. Re5 Kf6 73. Re8 Bxg2 74. Kxg2 Rd2 75. Kf1 Rd6 76. Ke2 g5 77. Rh8 gxh4 78. gxh4 Ke5 79. Rxh5 Kf4 80. Rh8 Ra6 81. Rg8 Rh6 82. Rg3 Rxh4 83. Ra3 Rh8 84. Rb3 Ra8 85. Rc3 Ra2+ 86. Ke1 Ra5 87. Ke2 Ke5 88. Rb3 f4 89. Rb4 Ra2+ 90. Ke1 Ra1+ 91. Kd2 f3 92. Rb8 Ra2+ 93. Ke1 Re2+ 94. Kf1 Rd2 95. Ke1 Rd6 96. Rb4 Rh6 97. Rb7 Kf4 98. Rb8 Rh1+ 99. Kd2 Rh5 100. Rf8+ Rf5 101. Re8 Rf7 102. Ke1 Rd7 0-1

[Event "Oberliga Nord N 1516"]
[Site "Germany"]
[Date "2015.09.20"]
[Round "1.7"]
[White "Lampe, Joerg"]
[Black "Diekmann, Jens"]
[Result "1-0"]
[WhiteElo "2165"]
[BlackElo "2053"]
[PlyCount "51"]
[EventDate "2015.09.20"]
[EventType "team-tourn"]
[EventRounds "9"]
[EventCountry "GER"]
[SourceTitle "CBM 170 Extra"]
[Source "ChessBase"]
[SourceDate "2016.02.25"]
[SourceVersion "1"]
[SourceVersionDate "2016.02.25"]
[SourceQuality "1"]
[WhiteTeam "Hamburg Koenigsspringer"]
[BlackTeam "Marmstorf"]
[WhiteTeamCountry "GER"]
[BlackTeamCountry "GER"]

1. e4 c5 2. Nf3 Nc6 3. c3 d5 4. exd5 Qxd5 5. d4 cxd4 6. cxd4 e5 7. Nc3 Bb4 8. Bd2 Bxc3 9. Bxc3 e4 10. Ne5 Nxe5 11. dxe5 Ne7 12. Be2 0-0 13. 0-0 Bf5 14. Qa4 a6 15. Rfd1 Qc6 16. Qd4 Qg6 17. Qb4 Bh3 18. Bf1 Rfe8 19. Rd6 Be6 20. Qxb7 Nf5 21. Rxa6 Rxa6 22. Qxa6 Nh4 23. Kh1 Qg5 24. Qa4 Rd8 25. Rd1 Rxd1 26. Qe8# 1-0

[Event "Hamburg-chT Landesliga 1213"]
[Site "Hamburg"]
[Date "2013.04.14"]
[Round "9.6"]
[White "Diekmann, Jens"]
[Black "Sander, Johann"]
[Result "1-0"]
[WhiteElo "2085"]
[BlackElo "2205"]
[PlyCount "89"]
[EventDate "2012.10.14"]
[EventType "team-tourn"]
[EventRounds "9"]
[EventCountry "GER"]
[SourceTitle "EXT 2022"]
[Source "ChessBase"]
[SourceDate "2021.10.06"]
[SourceVersion "1"]
[SourceVersionDate "2021.10.06"]
[SourceQuality "1"]
[WhiteTeam "Marmstorf"]
[BlackTeam "Hamburger SK V"]
[WhiteTeamCountry "GER"]
[BlackTeamCountry "GER"]

1. c4 g6 2. Nc3 Bg7 3. g3 d6 4. Bg2 e5 5. e4 Nc6 6. Nge2 Bg4 7. h3 Be6 8. d3 Qd7 9. Nd5 h5 10. Bg5 f6 11. Be3 h4 12. g4 Bh6 13. Bxh6 Rxh6 14. Qd2 Rh7 15. f4 f5 16. exf5 gxf5 17. g5 0-0-0 18. 0-0-0 Nce7 19. Qa5 Kb8 20. Nec3 Bxd5 21. Bxd5 Nxd5 22. Nxd5 c6 23. Nf6 Nxf6 24. gxf6 exf4 25. Rhg1 Rf8 26. Rg6 Rhf7 27. Rdg1 f3 28. Qe1 Rxf6 29. Rxf6 Rxf6 30. Qxh4 Qe6 31. Re1 Qf7 32. Rf1 f4 33. Rxf3 Qe6 34. Qf2 Qe5 35. Kc2 d5 36. b3 Qa1 37. a4 d4 38. Qd2 Qa2+ 39. Kc1 Qxb3 40. Rxf4 Rd6 41. Rf8+ Kc7 42. Qa5+ Qb6 43. Rf7+ Kb8 44. Qe5 c5 45. Rd7 1-0

[Event "Hamburg-chT Landesliga 1011"]
[Site "Hamburg"]
[Date "2011.04.17"]
[Round "9.6"]
[White "Diekmann, Jens"]
[Black "Fraas, Henning"]
[Result "1/2-1/2"]
[WhiteElo "2076"]
[BlackElo "2126"]
[PlyCount "125"]
[EventDate "2010.10.10"]
[EventType "team-tourn"]
[EventRounds "9"]
[EventCountry "GER"]
[SourceTitle "EXT 2022"]
[Source "ChessBase"]
[SourceDate "2021.10.06"]
[SourceVersion "1"]
[SourceVersionDate "2021.10.06"]
[SourceQuality "1"]
[WhiteTeam "Marmstorf"]
[BlackTeam "Hamburger SK V"]
[WhiteTeamCountry "GER"]
[BlackTeamCountry "GER"]

1. c4 f5 2. Nf3 Nf6 3. g3 d6 4. Bg2 e5 5. d4 e4 6. Ng5 h6 7. Nh3 g5 8. Nc3 Bg7 9. b3 0-0 10. Bb2 c6 11. Qd2 Re8 12. d5 a5 13. dxc6 bxc6 14. 0-0-0 Re6 15. Nxg5 hxg5 16. Qxg5 Re8 17. Bh3 Ng4 18. Qxd8 Rxd8 19. Bxg4 Bxc3 20. Bxc3 fxg4 21. Rd4 d5 22. Rhd1 Be6 23. Rxe4 Kf7 24. Rf4+ Ke8 25. cxd5 cxd5 26. Rf6 Ke7 27. e4 Rc8 28. Kb2 Rxc3 29. Rxe6+ Kxe6 30. exd5+ Kd6 31. Kxc3 Nd7 32. Rd4 Nf6 33. h3 gxh3 34. Rh4 Kxd5 35. f3 Re8 36. Kd2 Nd7 37. Rxh3 Ne5 38. Rh5 Kd4 39. Rh4+ Kd5 40. Rh5 Kd4 41. Rf5 Rh8 42. Rf4+ Kd5 43. Ke3 Rh2 44. Ra4 Nc6 45. f4 Rc2 46. Kf3 Rc5 47. Kg4 Ne7 48. a3 Ke6 49. b4 axb4 50. Rxb4 Nd5 51. Re4+ Kf6 52. Re5 Rb5 53. Kh4 Kg6 54. g4 Ra5 55. f5+ Kf6 56. Re6+ Kf7 57. Rd6 Nf6 58. Rb6 Rxa3 59. Rb7+ Kf8 60. Kg5 Ra6 61. Rb4 Rd6 62. Ra4 Rb6 63. Kf4 1/2-1/2

[Event "Harburg-chA 2nd"]
[Site "Hamburg"]
[Date "2004.06.20"]
[Round "4"]
[White "Diekmann, Jens"]
[Black "Hebbinghaus, Holger"]
[Result "0-1"]
[WhiteElo "2205"]
[BlackElo "2303"]
[PlyCount "54"]
[EventDate "2004.06.18"]
[EventType "tourn"]
[EventRounds "5"]
[EventCountry "GER"]
[EventCategory "2"]
[SourceTitle "EXT 2005"]
[Source "ChessBase"]
[SourceDate "2004.11.15"]
[SourceVersion "1"]
[SourceVersionDate "2004.11.15"]
[SourceQuality "1"]

1. c4 e5 2. Nc3 Nf6 3. g3 Bb4 4. Bg2 0-0 5. e4 Bxc3 6. dxc3 d6 7. Qe2 Nbd7 8. Nh3 Nc5 9. f3 a6 10. 0-0 b5 11. Be3 Qe7 12. Rfd1 Bd7 13. cxb5 axb5 14. Nf2 Bc6 15. Bg5 Ne6 16. Bxf6 Qxf6 17. Ng4 Qg5 18. Qe3 f5 19. exf5 Qxf5 20. Bh3 Qg6 21. Bg2 Ng5 22. Rf1 h5 23. f4 Bxg2 24. Kxg2 exf4 25. Rxf4 Rxf4 26. gxf4 Nf7 27. Qf3 Qxg4+ 0-1

[Event "Harburg-chA 2nd"]
[Site "Hamburg"]
[Date "2004.06.18"]
[Round "1"]
[White "Diekmann, Jens"]
[Black "Bach, Matthias"]
[Result "0-1"]
[WhiteElo "2205"]
[BlackElo "2351"]
[PlyCount "102"]
[EventDate "2004.06.18"]
[EventType "tourn"]
[EventRounds "5"]
[EventCountry "GER"]
[EventCategory "2"]
[SourceTitle "EXT 2005"]
[Source "ChessBase"]
[SourceDate "2004.11.15"]
[SourceVersion "1"]
[SourceVersionDate "2004.11.15"]
[SourceQuality "1"]

1. c4 Nf6 2. Nc3 e6 3. e4 d5 4. e5 Ne4 5. Nxe4 dxe4 6. Qg4 Na6 7. Qxe4 Bd7 8. Nf3 Bc6 9. Qe2 Nb4 10. d3 Bxf3 11. gxf3 Nc6 12. Bd2 Qd4 13. 0-0-0 Qxe5 14. Qxe5 Nxe5 15. Bc3 Ng6 16. d4 0-0-0 17. Bd3 Nf4 18. Rhe1 Nxd3+ 19. Rxd3 Rg8 20. h3 g6 21. Red1 Bg7 22. Kc2 Rge8 23. R1d2 Rd7 24. Rd1 c6 25. R1d2 b6 26. Rd1 Red8 27. b4 b5 28. c5 Rd5 29. Bb2 Kb7 30. f4 Bh6 31. Bc1 Rh5 32. Rh1 Rh4 33. Kc3 Rd5 34. Rg3 Rdh5 35. Kd3 Bxf4 36. Rf3 Rf5 37. Be3 Bxe3 38. Rxf5 exf5 39. fxe3 g5 40. Rf1 f4 41. exf4 Rxh3+ 42. Kd2 g4 43. Re1 Rh2+ 44. Kd3 h5 45. Re7+ Kc8 46. Rxf7 g3 47. Rg7 h4 48. Rg4 Rh1 49. Ke4 h3 50. Rxg3 Re1+ 51. Kf5 h2 0-1